Psychology

Saved in:
Bibliografiske detaljer
Main Authors: Pitt, William J (Author), Goldberg, Jacob Alter (Author)
Format: Bog
Sprog:spansk
Udgivet: Nueva York McGraw-Hill 1954
Fag:
Tags: Tilføj Tag
Ingen Tags, Vær først til at tagge denne postø!

MARC

LEADER 00000nam a2200000 a 4500
001 UCY7703
003 CL-VaPUC
008 950616e19540000US |||||||||||||||||spa|d
082 0 4 |a 150  |b PIT  |2 21 
100 0 |a Pitt, William J  |e author  |9 338407 
700 |a Goldberg, Jacob Alter  |e author  |9 338408 
245 1 0 |a Psychology 
300 |a 414 p 
942 |c BK 
945 |d 19950616 00:00:00  |a cmena 
260 |a Nueva York  |b McGraw-Hill  |c 1954 
650 0 |a Psicología   |9 257863 
650 0 |a Familias   |9 255641 
650 0 |a Relaciones interpersonales  |9 307056 
650 0 |a Vocación  |9 328817 
650 0 |a Educación  |9 258661 
650 0 |a Interacción social   |9 307764 
650 0 |a Adaptación social  |9 336043 
650 0 |a Comportamiento   |9 308406 
583 |a last modification  |c 19950616 00:00:00  |k Rodrigo Vera 
999 |c 235028  |d 235026 
952 |0 0  |1 0  |4 0  |6 150_000000000000000_PIT_1954  |7 0  |8 P  |9 242128  |a BIBEDU  |b BIBEDU  |c BIBEDU_PB  |d 2019-11-18  |i 1521217  |o 150 PIT 1954  |p 1521217  |r 2024-01-25  |w 2019-11-18  |y BK  |k EDU